Միլիոնանոոոոոոց գաղափարը : (Record no. 528133)
[ view plain ]
| 000 -LEADER | |
|---|---|
| fixed length control field | 01035nam a2200241 a 4500 |
| 001 - CONTROL NUMBER | |
| control field | 1730847 |
| 003 - CONTROL NUMBER IDENTIFIER | |
| control field | AM-YEHGA |
| 005 - DATE AND TIME OF LATEST TRANSACTION | |
| control field | 20250618080122.0 |
| 008 - FIXED-LENGTH DATA ELEMENTS--GENERAL INFORMATION | |
| fixed length control field | 210121s2020 ai a|||gr|||||||||1|arm|d |
| 020 ## - INTERNATIONAL STANDARD BOOK NUMBER | |
| International Standard Book Number | 9789939766102 |
| 040 ## - CATALOGING SOURCE | |
| Original cataloging agency | AM-YeHGA |
| 041 1# - LANGUAGE CODE | |
| Language code of text/sound track or separate title | arm |
| Language code of original | ukr |
| 090 ## - LOCALLY ASSIGNED LC-TYPE CALL NUMBER (OCLC); LOCAL CALL NUMBER (RLIN) | |
| -- | 566310 |
| 100 1# - MAIN ENTRY--PERSONAL NAME | |
| Personal name | Սադ, Կատերինա |
| 245 10 - TITLE STATEMENT | |
| Title | Միլիոնանոոոոոոց գաղափարը : |
| Remainder of title | [Նախադպրոցական և կրտսեր դպրոցական տարիքի երեխաների համար] / |
| Statement of responsibility, etc. | Կ. Սադ ; Ուկրաիներենից թարգմ.` Ա. Մեսրոպյան ; [Խմբագիր՝ Ն. Թորոսյան]. |
| 260 ## - PUBLICATION, DISTRIBUTION, ETC. | |
| Place of publication, distribution, etc. | Երևան : |
| Name of publisher, distributor, etc. | Անտարես, |
| Date of publication, distribution, etc. | 2020. |
| 300 ## - PHYSICAL DESCRIPTION | |
| Extent | [28] էջ : |
| Other physical details | գունանկ., |
| Dimensions | 29 սմ. |
| 650 14 - SUBJECT ADDED ENTRY--TOPICAL TERM | |
| Topical term or geographic name entry element | Ուկրաինական մանկական գրականություն |
| General subdivision | Հեքիաթ |
| 650 24 - SUBJECT ADDED ENTRY--TOPICAL TERM | |
| Topical term or geographic name entry element | Մանկական գրքեր |
| 9 (RLIN) | 8500 |
| 700 1# - ADDED ENTRY--PERSONAL NAME | |
| Personal name | Մեսրոպյան, Անուշավան |
| Relator term | թարգմ. |
| Relationship | trl |
| 700 1# - ADDED ENTRY--PERSONAL NAME | |
| Personal name | Թորոսյան, Նունե |
| Relator term | խմբ. |
| Relationship | edt |
| 942 ## - ADDED ENTRY ELEMENTS (KOHA) | |
| Source of classification or shelving scheme | Universal Decimal Classification |
| Koha item type | Գրքեր / Books |
| Withdrawn status | Lost status | Source of classification or shelving scheme | Damaged status | Not for loan | Collection | Home library | Current library | Date acquired | Total checkouts | Full call number | Barcode | Date last seen | Price effective from | Koha item type | Public note |
|---|---|---|---|---|---|---|---|---|---|---|---|---|---|---|---|
| Universal Decimal Classification | General | Fundamental Scientific Library | Fundamental Scientific Library | 12/07/2023 | AIII/9518 | FL0672519 | 12/07/2023 | 12/07/2023 | Գրքեր / Books | 30 Days Loan |
ՀՀ Գիտությունների ազգային ակադեմիայի հիմնարար գիտական գրադարան = Fundamental Scientific Library of NAS RA
All site content, except where otherwise noted, is licensed under a